Gaming Quiz

Random Gaming or Board Games Quiz

Games by Cupcake Quiz Stats

 Plays Quiz Updated May 22, 2018

Support Sporcle.
Go Orange.
Score 0/36 Timer 10:00
27 Plays Today
Number of Picture Game Name % Correct
23Super Mario Brothers
95.8%
4Battleship
94.7%
3Checkers
94%
16Pac-Man
93.9%
24Scrabble
93.7%
8Monopoly
93%
17Dominoes
93%
34Tic Tac Toe
89.9%
15Operation
88.2%
18Chess
88%
30Sonic the Hedgehog
87.5%
31Tetris
84.9%
7Jenga
83.6%
14Chutes and Ladders
79.3%
6Hungry Hungry Hippos
79.2%
20Rock, Paper, Scissors
78.7%
9Minesweeper
76.4%
5Backgammon
73.5%
Number of Picture Game Name % Correct
11Marbles
71.5%
21Pong
70.2%
1Candy Land
69.2%
35Tomb Raider
66.2%
19Frogger
65.8%
25Simon
64.9%
10Donkey Kong
61.5%
32Bejeweled
58.7%
26Apples to Apples
57.7%
29Boggle
55.7%
12Barrel of Monkeys
55.6%
33Yahtzee
52%
22Othello or Reversi
44.3%
13Breakout
44.1%
28Scattergories
31.3%
2Centipede
27.9%
36Upwords
26.1%
27Pitfall
20.5%

You're not logged in!

Compare scores with friends on all Sporcle quizzes.
OR
Log In

From the Vault

Click a Movie, Initially - Movies with Numbers

by B_Awesome_87

You can count on a good time with these movies.
Remove Ads.
Support Sporcle.
Get the best of Sporcle when you Go Orange. This ad-free experience offers more features, more stats, and more fun while also helping to support Sporcle. Thank you for becoming a member.

Show Comments

Extras

Top Quizzes Today


Score Distribution

Your Account Isn't Verified!

In order to create a playlist on Sporcle, you need to verify the email address you used during registration. Go to your Sporcle Settings to finish the process.

Report this User

Report this user for behavior that violates our Community Guidelines.

Details: